Perdida en la selva / (Record no. 197832)

MARC details
000 -LEADER
campo de control de longitud fija 01123nam a22002894a 4500
001 - NÚMERO DE CONTROL
campo de control 197832
003 - IDENTIFICADOR DE NÚMERO DE CONTROL
campo de control ES-MaACL
005 - FECHA Y HORA DE LA ÚLTIMA TRANSACCIÓN
campo de control 20251025063031.0
008 - DATOS DE LONGITUD FIJA--INFORMACIÓN GENERAL
campo de control de longitud fija 250922n ec a|||| |||| 001 0 spa d
040 ## - FUENTE DE CATALOGACIÓN
Centro catalogador/agencia de origen ES-MaACL
Lengua de catalogación spa
Centro/agencia transcriptor ES-MaACL
Normas de descripción rda
080 ## - NÚMERO DE LA CLASIFICACIÓN DECIMAL UNIVERSAL
Número de la Clasificación Decimal Universal 821.134.2(866)-31"19"
100 1# - ENTRADA PRINCIPAL--NOMBRE DE PERSONA
9 (RLIN) 83755
Nombre de persona Moscoso Valarezo, Adela Irene
Término indicativo de función/relación Autor
245 10 - MENCIÓN DEL TÍTULO
Título Perdida en la selva /
Mención de responsabilidad, etc. Adela Moscoso Valarezo
264 #1 - PRODUCCIÓN, PUBLICACIÓN, DISTRIBUCIÓN, FABRICACIÓN Y COPYRIGHT
Producción, publicación, distribución, fabricación y copyright Riobamba, Ecuador :
Nombre del de productor, editor, distribuidor, fabricante Adela Irene Moscoso Valarezo,
Fecha de producción, publicación, distribución, fabricación o copyright [fecha de publicación no identificada]
300 ## - DESCRIPCIÓN FÍSICA
Extensión 122 páginas :
Otras características físicas ilustraciones ;
Dimensiones 21 cm
336 ## - TIPO DE CONTENIDO
Fuente rdacontent
Término de tipo de contenido texto
337 ## - TIPO DE MEDIO
Fuente rdamedia
Nombre/término del tipo de medio sin mediación
338 ## - TIPO DE SOPORTE
Fuente rdacarrier
Nombre/término del tipo de soporte volumen
500 ## - NOTA GENERAL
Nota general Índice
500 ## - NOTA GENERAL
Nota general Ejemplar dedicado y firmado por la autora
655 #0 - TERMINO DE INDIZACIÓN--GENERO/FORMA
9 (RLIN) 233775
Datos o término principal de género/forma Novelas de aprendizaje
852 ## - LOCALIZACIÓN
Ubicación ES-MaACL
Ubicación en estantería Depósito 1
Número de control de estantería A-15808
Anotaciones manuscritas Dedicatoria autógrafa de la autora
Donativo/Legado Donación: Adela Moscoso Valarezo
Encuadernación Encuadernación rústica
itemnumber 206853
942 ## - ELEMENTOS DE ENTRADA SECUNDARIOS (KOHA)
Tipo de ítem Koha Libro impreso
Suprimir en OPAC No
Holdings
Estatus retirado Estado de pérdida Fuente del sistema de clasificación o colocación Estado de daño No para préstamo Biblioteca de origen Biblioteca actual Ubicación en estantería Fecha de adquisición Fuente de adquisición Total de préstamos Signatura topográfica completa Código de barras Visto por última vez Precio de reemplazo Tipo de ítem Koha
    Clasificación decimal universal     Biblioteca del Ateneo de Madrid Biblioteca del Ateneo de Madrid Depósito 1 22/09/2025 Donación   A-15808 2025-1213 23/10/2025 23/10/2025 Libro impreso